| 000 | 01160nam a2200325Ia 4500 | ||
|---|---|---|---|
| 001 | ebr10080939 | ||
| 003 | CaPaEBR | ||
| 006 | m u | ||
| 007 | cr cn||||||||| | ||
| 008 | 000612s2000 enka sb 001 0 eng d | ||
| 010 | _z 00131484 | ||
| 015 | _aGBA0-Z5213 | ||
| 020 | _z0761960260(cased) | ||
| 020 | _z0761960279(pbk.) | ||
| 040 |
_aCaPaEBR _cCaPaEBR |
||
| 035 | _a(OCoLC)84325704 | ||
| 050 | 1 | 4 |
_aH61 _b.T37 2000eb |
| 082 | 0 | 4 |
_a300.723 _221 |
| 100 | 1 | _aTaris, Toon. | |
| 245 | 1 | 2 |
_aA primer in longitudinal data analysis _h[electronic resource] / _cToon Taris. |
| 260 |
_aLondon : _bSAGE, _c2000. |
||
| 300 |
_aix, 163 p. : _bill. |
||
| 504 | _aIncludes bibliographical references and index. | ||
| 533 |
_aElectronic reproduction. _bPalo Alto, Calif. : _cebrary, _d2009. _nAvailable via World Wide Web. _nAccess may be limited to ebrary affiliated libraries. |
||
| 650 | 0 | _aLongitudinal method. | |
| 650 | 0 | _aSocial sciences. | |
| 655 | 7 |
_aElectronic books. _2local |
|
| 710 | 2 | _aebrary, Inc. | |
| 856 | 4 | 0 |
_uhttp://site.ebrary.com/lib/rucke/Doc?id=10080939 _zAn electronic book accessible through the World Wide Web; click to view |
| 999 |
_c55555 _d55555 |
||